LEADER 00961cam a2200217 7i4500
001 0000028806
005 20130314090000.0
020 0 0 |a 9781592377435  
090 0 0 |a USA 370.025   |b EDU 
245 0 0 |a Educators resources directory 2011/12. 
250 0 0 |a 9th ed. 
260 0 0 |a Amenia, New York:   |b Grey House Publishing,   |c 2011. 
300 # # |a 690 p. 
650 0 0 |a Education --   |x Directories --   |z United States of America  
650 0 0 |a Teachers --   |x Employment --   |x Directories --   |z United States of America  
650 0 0 |a Education --   |x Information service --   |x Directories --   |z United States of America  
650 0 0 |a Education --   |x Bibliography --   |x Periodicals --   |z United States of America  
650 0 0 |a Associations, institutions, etc --   |x Directories --   |z United States of America  
650 0 0 |a Scholarships --   |x Directories --   |z United States of America  
651 0 0 |a United States of America  
999 |a B000032204  |b Directories  |c Countries  |e Business Information Centre